[Event "47. Camp. Ital. Squadre A1/2"]
[Site "Folgaria"]
[Date "2015.03.27"]
[Round "1.1"]
[White "Ceschia, Ivano"]
[Black "Moncher, Stefano"]
[Result "1/2-1/2"]
[WhiteElo "2263"]
[BlackElo "2211"]
[Annotator "Udinese-Trentina"]
[PlyCount "79"]
[EventDate "2015.03.??"]

1. e4 Nf6 2. e5 Nd5 3. Nc3 Nxc3 4. dxc3 d6 5. Nf3 Nc6 6. Bb5 Bd7 7. Qe2 e6 8.
Bf4 Be7 9. O-O-O d5 10. h4 Na5 11. Bg5 Bxb5 12. Qxb5+ c6 13. Bxe7 cxb5 14. Bxd8
Rxd8 15. h5 h6 16. Nd4 a6 17. f4 Nc6 18. Rhf1 Nxd4 19. cxd4 O-O 20. f5 exf5 21.
Rxf5 Rfe8 22. Rdf1 Rd7 23. g4 Re6 24. g5 Rc7 25. Rg1 Rcc6 26. Kd2 Rc7 27. Rf3
hxg5 28. Rxg5 Rec6 29. c3 b4 30. Rfg3 bxc3+ 31. bxc3 f6 32. Rg6 fxe5 33. dxe5
Kh7 34. Rd6 Re7 35. Rxd5 Rce6 36. Rg5 Kh6 37. Rf5 g6 38. hxg6 Kxg6 39. Rf2 Rxe5
40. Rxe5 1/2-1/2

[Event "47. Camp. Ital. Squadre A1/2"]
[Site "Folgaria"]
[Date "2015.03.27"]
[Round "1.1"]
[White "Valsecchi, Alessio"]
[Black "Pelagatti, Alessandro"]
[Result "1-0"]
[WhiteElo "2435"]
[BlackElo "2181"]
[Annotator "Vergani-Ippogrifo"]
[PlyCount "75"]
[EventDate "2015.03.??"]

1. d4 Nf6 2. c4 g6 3. Nc3 Bg7 4. e4 d6 5. Nf3 O-O 6. h3 Na6 7. Bg5 Qe8 8. Be2
e5 9. d5 Bd7 10. g4 c6 11. Nd2 cxd5 12. cxd5 b5 13. Be3 Nc7 14. a3 a5 15. b4
Qb8 16. O-O Nfe8 17. Nb3 axb4 18. axb4 f5 19. f3 fxe4 20. fxe4 Nf6 21. Na5 Kh8
22. g5 Ng8 23. Rxf8 Bxf8 24. Bg4 Qe8 25. Kg2 h5 26. Bxd7 Qxd7 27. Nc6 Rxa1 28.
Qxa1 Ne7 29. Na7 Nc8 30. Qf1 Bg7 31. Naxb5 Na6 32. Qc4 Qb7 33. Na4 Kh7 34. Qc6
Qxc6 35. dxc6 Nxb4 36. c7 Nc2 37. Bb6 Nd4 38. Na7 1-0

[Event "47. Camp. Ital. Squadre A1/2"]
[Site "Folgaria"]
[Date "2015.03.27"]
[Round "1.1"]
[White "Vezzosi, Paolo"]
[Black "Santolini, Luigi"]
[Result "1/2-1/2"]
[WhiteElo "2330"]
[BlackElo "2148"]
[Annotator "Club 64-Canal"]
[PlyCount "74"]
[EventDate "2015.03.??"]

1. d4 Nf6 2. Nf3 e6 3. Bf4 b6 4. e3 Bb7 5. Bd3 Nh5 6. Bg5 Be7 7. Bxe7 Qxe7 8.
O-O f5 9. c4 O-O 10. Nc3 d6 11. d5 g6 12. dxe6 Qxe6 13. Nb5 Na6 14. Re1 c6 15.
Nc3 Nc5 16. Bf1 Ne4 17. Nd4 Qf7 18. Rc1 Rad8 19. f3 Nxc3 20. Rxc3 c5 21. Nb5 d5
22. Rd3 f4 23. cxd5 fxe3 24. d6 e2 25. Rxe2 Ba6 26. Re7 Qf6 27. Qb3+ Kh8 28.
Rxa7 Bxb5 29. Qxb5 Rxd6 30. Rxd6 Qxd6 31. Rd7 Qe6 32. Qd3 Qe5 33. Rd8 Rxd8 34.
Qxd8+ Kg7 35. Qxb6 Qe3+ 36. Kh1 Ng3+ 37. hxg3 Qh6+ 1/2-1/2

[Event "47. Camp. Ital. Squadre A1/2"]
[Site "Folgaria"]
[Date "2015.03.27"]
[Round "1.2"]
[White "Dappiano, Andrea"]
[Black "Pagnutti, Lorenzo"]
[Result "1/2-1/2"]
[WhiteElo "2248"]
[BlackElo "1938"]
[Annotator "Udinese-Trentina"]
[PlyCount "116"]
[EventDate "2015.03.??"]

1. e4 e5 2. Bc4 Nf6 3. d3 Be7 4. Nc3 Nc6 5. f4 exf4 6. Bxf4 d6 7. Nf3 O-O 8.
O-O Bg4 9. h3 Bh5 10. g4 Bg6 11. Nh4 Na5 12. Nf5 Re8 13. Bb3 h6 14. g5 hxg5 15.
Bxg5 Nxb3 16. axb3 Bxf5 17. Rxf5 Nd7 18. Bxe7 Rxe7 19. Qf3 Re5 20. d4 Rxf5 21.
Qxf5 c6 22. Rf1 Qe7 23. Rf4 Re8 24. Qh5 Nf6 25. Qg5 Nd7 26. Qh5 Nf6 27. Qf5 Qe6
28. Qxe6 Rxe6 29. h4 b5 30. b4 Nh5 31. Rf3 Nf6 32. Rf4 Nh5 33. Rf3 a6 34. Kf2
Nf6 35. Rf4 Nh5 36. Rf5 g6 37. Rg5 Rf6+ 38. Ke3 Re6 39. Kd3 Kg7 40. d5 cxd5 41.
Nxd5 Nf6 42. Nxf6 Kxf6 43. Kd4 Re8 44. Kd5 Rc8 45. c3 Ke7 46. h5 Kf6 47. Rg2
gxh5 48. Kxd6 h4 49. e5+ Kf5 50. Rf2+ Kg6 51. Rg2+ Kh7 52. Rh2 Rc4 53. Rf2 Kg7
54. Ke7 Rc7+ 55. Kd6 Rc4 56. Ke7 Rc7+ 57. Kd6 Rc4 58. Ke7 Rc7+ 1/2-1/2

[Event "47. Camp. Ital. Squadre A1/2"]
[Site "Folgaria"]
[Date "2015.03.27"]
[Round "1.2"]
[White "Gerola, Fausto"]
[Black "Basso, Pier Luigi"]
[Result "0-1"]
[WhiteElo "2149"]
[BlackElo "2382"]
[Annotator "Vergani-Ippogrifo"]
[PlyCount "84"]
[EventDate "2015.03.??"]

1. e4 e5 2. Nf3 Nc6 3. Bc4 Bc5 4. d3 Nf6 5. c3 O-O 6. O-O d5 7. exd5 Nxd5 8. h3
Nb6 9. Bb5 Bd6 10. Re1 Ne7 11. d4 exd4 12. Nxd4 Nf5 13. Nxf5 Bxf5 14. Qf3 Be6
15. Bf4 Bd5 16. Qg3 Bxf4 17. Qxf4 Bxg2 18. Kxg2 Qd5+ 19. Kh2 Qxb5 20. Nd2 Nd5
21. Qg3 Qxb2 22. Ne4 f5 23. Rg1 g6 24. Rab1 Qc2 25. Ng5 Qxc3 26. Qxc3 Nxc3 27.
Rxb7 Ne4 28. Nxe4 fxe4 29. Kg2 Rab8 30. Rgb1 Rxb7 31. Rxb7 Rc8 32. Rxa7 c5 33.
Kf1 c4 34. Ke2 c3 35. Kd1 Rf8 36. Ke1 Rf3 37. h4 e3 38. fxe3 Rxe3+ 39. Kf1 Rf3+
40. Kg2 Rf7 41. Ra8+ Rf8 42. Ra7 Rc8 0-1

[Event "47. Camp. Ital. Squadre A1/2"]
[Site "Folgaria"]
[Date "2015.03.27"]
[Round "1.2"]
[White "Sgaravatti, Francesco"]
[Black "Scalcione, Michelangelo"]
[Result "0-1"]
[WhiteElo "2211"]
[BlackElo "2321"]
[Annotator "Club 64-Canal"]
[PlyCount "62"]
[EventDate "2015.03.??"]

1. e4 d6 2. d4 Nf6 3. Nd2 e5 4. c3 Be7 5. Ngf3 Nbd7 6. Bd3 c6 7. a4 O-O 8. a5
Re8 9. O-O Bf8 10. Qc2 exd4 11. cxd4 c5 12. Rd1 cxd4 13. Nxd4 Nc5 14. Bb5 Bd7
15. f3 Rc8 16. Qb1 d5 17. b4 Na6 18. Ba3 dxe4 19. Nxe4 Nxe4 20. fxe4 Bxb5 21.
Nxb5 Qg5 22. Qd3 Nxb4 23. Bxb4 Bxb4 24. Kh1 Red8 25. Qe2 a6 26. Nd4 Bc3 27. Nf3
Qb5 28. Rxd8+ Rxd8 29. Rd1 Rxd1+ 30. Qxd1 Qxa5 31. h3 Qa1 0-1

[Event "47. Camp. Ital. Squadre A1/2"]
[Site "Folgaria"]
[Date "2015.03.27"]
[Round "1.3"]
[White "Frigieri, Fabrizio"]
[Black "Bonfa', Ileano"]
[Result "1/2-1/2"]
[WhiteElo "2187"]
[BlackElo "2149"]
[Annotator "Club 64-Canal"]
[PlyCount "124"]
[EventDate "2015.03.??"]

1. e4 c5 2. Nf3 g6 3. d4 cxd4 4. Nxd4 Nc6 5. Nc3 Bg7 6. Be3 Nf6 7. Nxc6 bxc6 8.
e5 Ng8 9. Bd4 Qa5 10. Bc4 Bxe5 11. O-O Nf6 12. Re1 d6 13. Bxe5 dxe5 14. Qe2 Bf5
15. Bb3 e4 16. Qc4 O-O 17. Qxc6 Rac8 18. Qa4 Qc5 19. Rad1 Rfd8 20. Rxd8+ Rxd8
21. Qc4 Qxc4 22. Bxc4 Rd2 23. Re2 e3 24. fxe3 Rxe2 25. Bxe2 Bxc2 26. b4 Kf8 27.
a3 Bf5 28. Nb5 Nd5 29. Kf2 a6 30. Nd4 Bc8 31. Nb3 Nc3 32. Bd3 Na4 33. b5 axb5
34. Bxb5 Nc3 35. Bc6 e5 36. Nc5 Ke7 37. Ne4 Nxe4+ 38. Bxe4 Kd6 39. Bd3 Kc5 40.
Ke2 Bb7 41. g3 Bc6 42. Kd2 f5 43. Kc3 Bd7 44. Bc2 g5 45. Bb3 h5 46. Kd3 Bb5+
47. Kd2 h4 48. gxh4 gxh4 49. Ke1 f4 50. exf4 exf4 51. Kf2 Bc6 52. Bd1 Kd4 53.
Bf3 Bd7 54. Bb7 Ke5 55. Kf3 Kf5 56. Be4+ Kg5 57. Bc2 Bc6+ 58. Kf2 Kg4 59. a4
Bxa4 60. Bxa4 h3 61. Bd7+ Kg5 62. Kf3 Kf6 1/2-1/2

[Event "47. Camp. Ital. Squadre A1/2"]
[Site "Folgaria"]
[Date "2015.03.27"]
[Round "1.3"]
[White "Mrdja, Milan"]
[Black "Tsalughelashvili, Lile"]
[Result "1-0"]
[WhiteElo "2366"]
[BlackElo "2081"]
[Annotator "Vergani-Ippogrifo"]
[PlyCount "93"]
[EventDate "2015.03.??"]

1. e4 c5 2. Nf3 Nc6 3. Nc3 d6 4. d4 cxd4 5. Nxd4 Nf6 6. Be2 g6 7. Bg5 Bg7 8.
Nb3 O-O 9. O-O Be6 10. Kh1 Rc8 11. f4 a6 12. Bf3 b5 13. Nd5 Ne8 14. c3 f6 15.
Bh4 Bf7 16. Qe2 e6 17. Ne3 Bh6 18. f5 Ne5 19. Rad1 Bxe3 20. Qxe3 Nc4 21. Qe2 e5
22. Bf2 Qe7 23. fxg6 hxg6 24. Nc1 Kg7 25. Nd3 Rh8 26. Nb4 Qb7 27. Kg1 Nb6 28.
Rfe1 Rc4 29. h3 Be6 30. Rd2 a5 31. Nc2 Na4 32. Na3 Rc6 33. Qxb5 Qxb5 34. Nxb5
Bc4 35. Na7 Rc7 36. b3 Nc5 37. bxc4 Rxa7 38. Rb1 Rc7 39. Rb5 Nb7 40. Rdb2 Nd8
41. Bb6 Rc8 42. Rxa5 Kf8 43. c5 Rh7 44. Bg4 Rb8 45. Rab5 Re7 46. a4 Nc6 47.
cxd6 1-0

[Event "47. Camp. Ital. Squadre A1/2"]
[Site "Folgaria"]
[Date "2015.03.27"]
[Round "1.3"]
[White "Picco, Ruggero"]
[Black "Coratella, Giuseppe"]
[Result "0-1"]
[WhiteElo "1972"]
[BlackElo "2221"]
[Annotator "Udinese-Trentina"]
[PlyCount "54"]
[EventDate "2015.03.??"]

1. e4 e6 2. d3 d5 3. Nd2 c5 4. Ngf3 Nc6 5. g3 g6 6. Bg2 Bg7 7. c3 Nge7 8. O-O
a5 9. exd5 exd5 10. Nb3 b6 11. Bf4 a4 12. Nbd2 a3 13. Rb1 axb2 14. Qb3 Bf5 15.
Rfe1 O-O 16. Rxb2 Bxd3 17. Ne5 Nxe5 18. Bxe5 b5 19. Bxg7 Kxg7 20. Re3 c4 21.
Qxb5 Ra5 22. Qb7 Nf5 23. Re5 d4 24. cxd4 Rxe5 25. dxe5 c3 26. e6 cxb2 27. Qxb2+
Qd4 0-1

[Event "47. Camp. Ital. Squadre A1/2"]
[Site "Folgaria"]
[Date "2015.03.27"]
[Round "1.4"]
[White "Bianchi, Andrea"]
[Black "Vincenzi, Marco"]
[Result "1-0"]
[WhiteElo "2137"]
[BlackElo "2089"]
[Annotator "Club 64-Canal"]
[PlyCount "139"]
[EventDate "2015.03.??"]

1. e4 e5 2. Nf3 Nc6 3. Bc4 Nf6 4. d3 Be7 5. O-O O-O 6. Re1 d6 7. a4 h6 8. a5
Re8 9. c3 Bf8 10. Qb3 Qe7 11. Nbd2 g6 12. d4 Bg7 13. dxe5 dxe5 14. Nf1 b6 15.
axb6 cxb6 16. Qc2 Bg4 17. N3d2 Be6 18. Ne3 Rac8 19. b3 Qc7 20. Ba3 Red8 21.
Rad1 b5 22. Bxe6 Nd4 23. cxd4 Qxc2 24. Nxc2 fxe6 25. dxe5 Ng4 26. Ne3 Nxe5 27.
Nf3 Nd3 28. Re2 b4 29. Bxb4 Nxb4 30. Rxd8+ Rxd8 31. Rd2 Rd3 32. Rxd3 Nxd3 33.
Nd2 Kf7 34. Kf1 Ke7 35. Ke2 Nc5 36. Nec4 Bc3 37. Kd1 Kd7 38. Kc2 Bd4 39. f3 Kc6
40. b4 Nd7 41. Kb3 h5 42. Ka4 Bc3 43. Na5+ Kc7 44. Ndc4 Nb8 45. Na3 a6 46. N3c4
Nd7 47. Nb3 Kc6 48. Nc1 g5 49. Ne2 Bg7 50. Kb3 Nb8 51. Nc1 Kb7 52. Nd3 Nc6 53.
Ka4 Bf8 54. Na5+ Kb6 55. Nxc6 Kxc6 56. Ne5+ Kb7 57. g3 h4 58. gxh4 gxh4 59. h3
Be7 60. f4 Bd8 61. Nd7 Be7 62. Ne5 Bd6 63. Nd3 Be7 64. Kb3 Kb6 65. Kc4 Bf8 66.
Ne5 Be7 67. f5 (67. Ng6 Bd6 (67... Bd8 68. Nf8 e5 69. Nd7+) 68. e5 Bc7 69. Nf8)
67... exf5 68. exf5 Kc7 69. Ng6 Bf6 70. Kd5 {n.u.r} 1-0

[Event "47. Camp. Ital. Squadre A1/2"]
[Site "Folgaria"]
[Date "2015.03.27"]
[Round "1.4"]
[White "Villa, Flavio"]
[Black "Zamengo, Fulvio"]
[Result "0-1"]
[WhiteElo "2142"]
[BlackElo "2208"]
[Annotator "Vergani-Ippogrifo"]
[PlyCount "50"]
[EventDate "2015.03.??"]

1. d4 Nf6 2. Nf3 g6 3. g3 Bg7 4. Bg2 O-O 5. O-O d5 6. c4 dxc4 7. Na3 c3 8. bxc3
c5 9. e3 Nc6 10. Nc4 Be6 11. Nce5 Bd5 12. Ba3 Nxe5 13. dxe5 Ne4 14. Qc2 Qa5 15.
Bb2 Rad8 16. c4 Bc6 17. Rfd1 Ba4 18. Qxe4 Rxd1+ 19. Rxd1 Bxd1 20. Qxb7 Qxa2 21.
h4 Qxc4 22. Ng5 Qb4 23. Qxe7 Qxb2 24. e6 Bb3 25. Nxf7 Qf6 0-1

[Event "47. Camp. Ital. Squadre A1/2"]
[Site "Folgaria"]
[Date "2015.03.28"]
[Round "2.1"]
[White "Ceschia, Ivano"]
[Black "Valsecchi, Alessio"]
[Result "0-1"]
[WhiteElo "2263"]
[BlackElo "2435"]
[Annotator "Udinese-Vergani"]
[PlyCount "102"]
[EventDate "2015.03.??"]

1. e4 c5 2. Nf3 d6 3. Bb5+ Bd7 4. Bxd7+ Qxd7 5. O-O Nc6 6. c4 g6 7. d4 cxd4 8.
Nxd4 Bg7 9. Be3 Nh6 10. h3 f5 11. Nxc6 bxc6 12. Qd2 Nf7 13. Nc3 O-O 14. Rad1
Ne5 15. b3 f4 16. Bxf4 Nf3+ 17. gxf3 Bxc3 18. Qxc3 Rxf4 19. Kg2 Raf8 20. Rd3 c5
21. b4 cxb4 22. Qxb4 Qe6 23. Qb5 Rxe4 24. Qd5 Re5 25. Qxe6+ Rxe6 26. Re3 Rxe3
27. fxe3 Rc8 28. Rc1 Kf7 29. e4 Rc5 30. Kg3 Ke6 31. Kf4 Kd7 32. Ke3 Ra5 33. Rc2
Ra3+ 34. Kf4 Kc6 35. h4 Kc5 36. Rf2 h6 37. Rg2 e5+ 38. Kg3 Kxc4 39. Rc2+ Rc3
40. Rb2 Kd3 41. Rb7 Ke2 42. Rf7 a5 43. a4 Rd3 44. Rf6 d5 45. exd5 e4 46. d6 e3
47. Rxg6 Kf1 48. Rxh6 e2 49. Re6 Rxd6 50. Rxd6 e1=Q+ 51. Kh3 Qc3 0-1

[Event "47. Camp. Ital. Squadre A1/2"]
[Site "Folgaria"]
[Date "2015.03.28"]
[Round "2.1"]
[White "Moncher, Stefano"]
[Black "Sgaravatti, Francesco"]
[Result "1/2-1/2"]
[WhiteElo "2211"]
[BlackElo "2211"]
[Annotator "Trentina-Canal"]
[PlyCount "61"]
[EventDate "2015.03.??"]

1. f4 c5 2. Nf3 g6 3. g3 Bg7 4. Bg2 Nc6 5. O-O e6 6. d3 Nge7 7. c3 O-O 8. Na3
Rb8 9. e4 b5 10. e5 d6 11. Re1 dxe5 12. fxe5 Qc7 13. Qe2 Ba6 14. Nc2 Rfd8 15.
Be3 Nd5 16. Bxc5 Nxe5 17. Nxe5 Qxc5+ 18. d4 Qc7 19. Bxd5 Rxd5 20. Nb4 Rd6 21.
Nxa6 Rxa6 22. a3 Rab6 23. Rf1 Rf8 24. Rae1 a5 25. Nd3 Qc4 26. Nc5 Qxe2 27. Rxe2
Rd6 28. Nb7 Ra6 29. Nc5 Rd6 30. Nb7 Ra6 31. Nc5 1/2-1/2

[Event "47. Camp. Ital. Squadre A1/2"]
[Site "Folgaria"]
[Date "2015.03.28"]
[Round "2.1"]
[White "Pelagatti, Alessandro"]
[Black "Vezzosi, Paolo"]
[Result "0-1"]
[WhiteElo "2181"]
[BlackElo "2330"]
[Annotator "Ippogrifo-Club 64"]
[PlyCount "78"]
[EventDate "2015.03.??"]

1. d4 d5 2. c4 c6 3. Nf3 Nf6 4. Qc2 dxc4 5. e4 e6 6. Bxc4 b5 7. Bd3 Bb7 8. Nbd2
Nbd7 9. O-O h6 10. Nb3 a5 11. Nc5 Bxc5 12. dxc5 Qe7 13. Be3 Ng4 14. Rac1 Nxe3
15. fxe3 O-O 16. e5 Rad8 17. Qc3 b4 18. Qc4 Nxc5 19. Qxc5 Qxc5 20. Rxc5 Rxd3
21. Rxa5 Rxe3 22. Rd1 c5 23. Re1 Rxe1+ 24. Nxe1 Rd8 25. Rxc5 Rd1 26. Kf2 Rd2+
27. Kg3 Rxb2 28. Rc2 Rb1 29. Kf2 g5 30. Rd2 Be4 31. Re2 Bd5 32. Rd2 Kg7 33. Nd3
Bc4 34. Ke3 b3 35. axb3 Rxb3 36. g4 Bxd3 37. Rxd3 Rxd3+ 38. Kxd3 f5 39. exf6+
Kxf6 0-1

[Event "47. Camp. Ital. Squadre A1/2"]
[Site "Folgaria"]
[Date "2015.03.28"]
[Round "2.2"]
[White "Mrdja, Milan"]
[Black "Pagnutti, Lorenzo"]
[Result "1-0"]
[WhiteElo "2366"]
[BlackElo "1938"]
[Annotator "Udinese-Vergani"]
[PlyCount "53"]
[EventDate "2015.03.??"]

1. e4 e5 2. Nf3 Nc6 3. Bb5 a6 4. Ba4 Nf6 5. O-O b5 6. Bb3 Bb7 7. Re1 Bc5 8. c3
d6 9. d4 Ba7 10. a4 O-O 11. Bg5 h6 12. Bh4 g5 13. Bg3 exd4 14. cxd4 Re8 15.
axb5 axb5 16. Nc3 b4 17. Nb5 Bb6 18. Rxa8 Qxa8 19. e5 dxe5 20. dxe5 Nh7 21. e6
fxe6 22. Bxc7 Qa5 23. Qd7 Re7 24. Bxe6+ Kg7 25. Be5+ Nf6 26. Qd6 Qxb5 27. Bxf6+
1-0

[Event "47. Camp. Ital. Squadre A1/2"]
[Site "Folgaria"]
[Date "2015.03.28"]
[Round "2.2"]
[White "Rosino, Antonio"]
[Black "Dappiano, Andrea"]
[Result "1-0"]
[WhiteElo "2166"]
[BlackElo "2248"]
[Annotator "Trentina-Canal"]
[PlyCount "99"]
[EventDate "2015.03.??"]

1. e4 e6 2. d4 d5 3. Nc3 Bb4 4. Bd3 c5 5. exd5 exd5 6. Nf3 Ne7 7. O-O Nbc6 8.
dxc5 Bxc5 9. h3 O-O 10. Re1 Qd6 11. Bg5 f6 12. Be3 Bxe3 13. Rxe3 Qb4 14. a3 Qf4
15. Ne2 Qc7 16. Ned4 Ne5 17. Qd2 Nc4 18. Qc3 Nc6 19. Bxc4 dxc4 20. Qxc4+ Qf7
21. Qxf7+ Rxf7 22. Nxc6 bxc6 23. Re8+ Rf8 24. Re7 Rf7 25. Rae1 Bb7 26. Nd4 c5
27. Re8+ Rf8 28. Rxa8 Rxa8 29. Nb3 c4 30. Na5 Bd5 31. Rd1 Be6 32. Rd6 Kf7 33.
Nc6 Bf5 34. Nd4 Bg6 35. Rd7+ Kg8 36. Rc7 Bf7 37. Nc6 a5 38. Nxa5 Rxa5 39. Rc8+
Be8 40. Rxe8+ Kf7 41. Rc8 Rb5 42. Rxc4 Rxb2 43. Kf1 Ra2 44. Rc3 g5 45. g4 h5
46. gxh5 Kg7 47. Ke2 Kh6 48. Kd3 Kxh5 49. Kc4 Ra1 50. Kb4 1-0

[Event "47. Camp. Ital. Squadre A1/2"]
[Site "Folgaria"]
[Date "2015.03.28"]
[Round "2.2"]
[White "Scalcione, Michelangelo"]
[Black "Gerola, Fausto"]
[Result "1-0"]
[WhiteElo "2321"]
[BlackElo "2149"]
[Annotator "Ippogrifo-Club 64"]
[PlyCount "85"]
[EventDate "2015.03.??"]

1. Nf3 d5 2. d4 Nf6 3. c4 c6 4. Nc3 e6 5. Qd3 Nbd7 6. Bg5 Be7 7. e3 O-O 8. Be2
h6 9. Bf4 dxc4 10. Qxc4 Nd5 11. Bg3 N7f6 12. Bd3 Qb6 13. Rb1 Qb4 14. Qxb4 Bxb4
15. Rc1 Nh5 16. Ne5 Nxg3 17. hxg3 f6 18. Ng6 Re8 19. Ke2 Nxc3+ 20. bxc3 Bd6 21.
f4 f5 22. g4 fxg4 23. e4 Bd7 24. e5 Bf8 25. Rb1 b6 26. Rh4 Rac8 27. Rxg4 c5 28.
Rh4 cxd4 29. cxd4 Red8 30. d5 exd5 31. f5 Be8 32. Nxf8 Kxf8 33. Ke3 Rc3 34. Rb3
Rxb3 35. axb3 Bc6 36. Kd4 Bb7 37. Rg4 Rc8 38. e6 Rc7 39. Ke5 Rc3 40. f6 Rxd3
41. Rxg7 Bc6 42. e7+ Ke8 43. Kd6 1-0

[Event "47. Camp. Ital. Squadre A1/2"]
[Site "Folgaria"]
[Date "2015.03.28"]
[Round "2.3"]
[White "Coratella, Giuseppe"]
[Black "Bianchi, Andrea"]
[Result "1/2-1/2"]
[WhiteElo "2221"]
[BlackElo "2137"]
[Annotator "Trentina-Canal"]
[PlyCount "81"]
[EventDate "2015.03.??"]

1. e4 d6 2. d4 Nf6 3. Nc3 e5 4. Nge2 Nbd7 5. g3 a6 6. Bg2 b5 7. a4 Bb7 8. O-O
b4 9. Nd5 Nxd5 10. exd5 a5 11. c3 Ba6 12. cxb4 axb4 13. Re1 Be7 14. dxe5 dxe5
15. f4 O-O 16. fxe5 Nxe5 17. Nf4 Bd6 18. Be3 Re8 19. Bd4 Rb8 20. b3 Qc8 21. Be4
Qg4 22. Kg2 Qxd1 23. Raxd1 g6 24. h3 Nd7 25. Rc1 Bb7 26. Kf2 Re7 27. Bg2 Rbe8
28. Rxe7 Rxe7 29. Re1 Rxe1 30. Kxe1 Kf8 31. Nd3 Ke7 32. Kd2 Nf6 33. Bxf6+ Kxf6
34. Ke3 Ba6 35. g4 Bxd3 36. Kxd3 Ke7 37. Kc4 Kd7 38. Kb5 h6 39. Be4 Kc8 40. Bd3
Kb7 41. a5 1/2-1/2

[Event "47. Camp. Ital. Squadre A1/2"]
[Site "Folgaria"]
[Date "2015.03.28"]
[Round "2.3"]
[White "Frigieri, Fabrizio"]
[Black "Tsalughelashvili, Lile"]
[Result "1/2-1/2"]
[WhiteElo "2187"]
[BlackElo "2081"]
[Annotator "Ippogrifo-Club 64"]
[PlyCount "75"]
[EventDate "2015.03.??"]

1. d4 Nf6 2. c4 e6 3. g3 d5 4. Bg2 Be7 5. Nf3 dxc4 6. Qa4+ Nbd7 7. Nc3 O-O 8.
Qxc4 a6 9. Bf4 c5 10. dxc5 Bxc5 11. b4 Be7 12. Bc7 Qe8 13. a4 b5 14. Qb3 Bb7
15. axb5 axb5 16. O-O Bd5 17. Qb2 Qc8 18. Ba5 Qb7 19. Nxd5 Nxd5 20. e4 N5b6 21.
e5 Nc4 22. Qc2 Qc8 23. Nd4 Ndxe5 24. Nxb5 Rb8 25. Na7 Qd7 26. Nc6 Nxc6 27. Qxc4
Nxb4 28. Rfd1 Qc8 29. Qf4 Qc5 30. Bc7 Rbc8 31. Rac1 Qg5 32. Qxg5 Bxg5 33. f4
Bf6 34. Bb7 Rce8 35. Rc4 Nd5 36. Bxd5 exd5 37. Rxd5 Rc8 38. Rdc5 1/2-1/2

[Event "47. Camp. Ital. Squadre A1/2"]
[Site "Folgaria"]
[Date "2015.03.28"]
[Round "2.3"]
[White "Picco, Ruggero"]
[Black "Zamengo, Fulvio"]
[Result "0-1"]
[WhiteElo "1972"]
[BlackElo "2208"]
[Annotator "Udinese-Vergani"]
[PlyCount "114"]
[EventDate "2015.03.??"]

1. e4 g6 2. d4 Bg7 3. f4 d5 4. e5 Nh6 5. Nf3 O-O 6. Bd3 c5 7. c3 Qb6 8. Nbd2
cxd4 9. Nxd4 Nc6 10. N2f3 Bg4 11. h3 Bxf3 12. Nxf3 d4 13. Qe2 f6 14. Nxd4 Nxd4
15. cxd4 Qxd4 16. Bc4+ Kh8 17. Be3 Qe4 18. Bd3 Qb4+ 19. Qd2 Qxd2+ 20. Bxd2 Rad8
21. Ke2 fxe5 22. fxe5 Nf5 23. Bxf5 Rxf5 24. Bc3 Kg8 25. g4 Rf4 26. Rae1 Rd5 27.
Rhf1 Bxe5 28. Rxf4 Bxf4 29. Kf3 Bg5 30. Ke4 Rd6 31. Bb4 Rc6 32. Bc3 Bf6 33. Kd3
Rd6+ 34. Kc4 Rc6+ 35. Kd3 Kf7 36. Bxf6 exf6 37. b3 Rd6+ 38. Kc4 h5 39. Re3 Rd7
40. a4 Kg7 41. b4 hxg4 42. hxg4 Kh6 43. Re6 Kg5 44. b5 f5 45. gxf5 gxf5 46. a5
f4 47. Re8 f3 48. Rg8+ Kf4 49. b6 axb6 50. axb6 f2 51. Rf8+ Ke3 52. Re8+ Kd2
53. Rf8 Ke1 54. Re8+ Kd1 55. Rf8 Rd2 56. Rf7 Ke1 57. Kc3 Re2 0-1

[Event "47. Camp. Ital. Squadre A1/2"]
[Site "Folgaria"]
[Date "2015.03.28"]
[Round "2.4"]
[White "Balzan, Alessandro"]
[Black "Fantini, Marco"]
[Result "1-0"]
[WhiteElo "1811"]
[BlackElo "1934"]
[Annotator "Udinese-Vergani"]
[PlyCount "61"]
[EventDate "2015.03.??"]

1. e4 e6 2. d4 d5 3. Nc3 Nf6 4. Bg5 Be7 5. e5 Nfd7 6. Bxe7 Qxe7 7. Nf3 O-O 8.
Bd3 c5 9. O-O Nc6 10. dxc5 Nxc5 11. a3 Bd7 12. Re1 f6 13. Qd2 Nxd3 14. cxd3
fxe5 15. Nxe5 Nd4 16. Nxd7 Qxd7 17. Rad1 Rf6 18. Ne2 Qa4 19. Nxd4 Qxd4 20. Qe3
Qxb2 21. Rb1 Qxa3 22. Rxb7 a5 23. Qg3 Qf8 24. Reb1 a4 25. Rb8 Rxb8 26. Rxb8 a3
27. Rxf8+ Rxf8 28. Qd6 a2 29. Qa3 Rc8 30. g3 Rc2 31. Qa4 1-0

[Event "47. Camp. Ital. Squadre A1/2"]
[Site "Folgaria"]
[Date "2015.03.28"]
[Round "2.4"]
[White "Milazzo, Mario"]
[Black "Pangrazzi, Marco"]
[Result "1-0"]
[WhiteElo "2032"]
[BlackElo "2237"]
[Annotator "Trentina-Canal"]
[PlyCount "59"]
[EventDate "2015.03.??"]

1. d4 d5 2. Nf3 f5 3. Bf4 Nf6 4. e3 e6 5. Nbd2 Bd6 6. Ne5 O-O 7. Be2 c5 8. O-O
Nc6 9. Nxc6 bxc6 10. Bxd6 Qxd6 11. Nf3 Rb8 12. Rb1 Ne4 13. Ne5 cxd4 14. exd4 c5
15. c3 Rb6 16. Re1 Ba6 17. f3 Nf6 18. dxc5 Qxc5+ 19. Qd4 Qxd4+ 20. cxd4 Bxe2
21. Rxe2 Rc8 22. Rd1 Kf8 23. g3 Ke7 24. Kg2 Nd7 25. Nd3 Rc4 26. Nf4 Kf6 27. h4
g6 28. b3 Rc3 29. Rxe6+ Rxe6 30. Nxd5+ 1-0

[Event "47. Camp. Ital. Squadre A1/2"]
[Site "Folgaria"]
[Date "2015.03.28"]
[Round "2.4"]
[White "Vincenzi, Marco"]
[Black "Montoli, Marco"]
[Result "1/2-1/2"]
[WhiteElo "2089"]
[BlackElo "2002"]
[Annotator "Ippogrifo-Club 64"]
[PlyCount "78"]
[EventDate "2015.03.??"]

1. d4 Nf6 2. c4 g6 3. Nc3 d5 4. cxd5 Nxd5 5. e4 Nxc3 6. bxc3 Bg7 7. Nf3 O-O 8.
Be2 c5 9. Rb1 Qa5 10. O-O cxd4 11. cxd4 Qxa2 12. Bg5 Qe6 13. Qc2 Qd6 14. Rfc1
Nc6 15. d5 Ne5 16. Qc7 Nxf3+ 17. Bxf3 Re8 18. Bf4 Qxc7 19. Rxc7 a5 20. Bc1 Be5
21. Rc2 Bd6 22. Bb2 f6 23. Bd4 a4 24. Be2 a3 25. Bb5 Rf8 26. g3 Bg4 27. Kg2 g5
28. f3 Bh5 29. Bd7 Rfb8 30. Ra2 Bg6 31. Rb6 Ra6 32. Rb3 h5 33. Be3 g4 34. Bc1
gxf3+ 35. Kxf3 Kf8 36. h4 Be8 37. Be6 Bf7 38. Bd7 Be8 39. Be6 Bf7 1/2-1/2

[Event "47. Camp. Ital. Squadre A1/2"]
[Site "Folgaria"]
[Date "2015.03.28"]
[Round "3.1"]
[White "Basso, Pier Luigi"]
[Black "Moncher, Stefano"]
[Result "1-0"]
[WhiteElo "2382"]
[BlackElo "2211"]
[Annotator "Vergani-Trentina"]
[PlyCount "97"]
[EventDate "2015.03.??"]

1. d4 Nf6 2. c4 g6 3. Nc3 Bg7 4. g3 O-O 5. Bg2 d6 6. Nf3 Nc6 7. O-O e5 8. d5
Ne7 9. e4 Ne8 10. Ne1 f5 11. Nd3 Nf6 12. f4 Nxe4 13. Nxe4 fxe4 14. Bxe4 Nf5 15.
fxe5 dxe5 16. b3 Nd6 17. Rxf8+ Qxf8 18. Ba3 Bf5 19. Nf2 Qf6 20. Bxd6 Qxd6 21.
g4 Bd7 22. Nd3 Rf8 23. Qe2 Qf6 24. Kh1 Bh6 25. Rg1 Bf4 26. Rg2 Qh4 27. Nc5 Bc8
28. Bf3 Qh3 29. Ne4 Bxh2 30. Rxh2 Qxf3+ 31. Qxf3 Rxf3 32. g5 Rh3 33. Nf6+ Kf7
34. Nxh7 Rxh2+ 35. Kxh2 Bf5 36. Nf6 Bb1 37. Ng4 e4 38. a3 Ba2 39. Ne5+ Ke7 40.
c5 Bxb3 41. Nxg6+ Kd7 42. Ne5+ Ke7 43. Ng6+ Kd8 44. Nf4 c6 45. dxc6 bxc6 46.
Kg3 Kc7 47. Kf2 Kb7 48. Ke3 Ka6 49. Ne2 1-0

[Event "47. Camp. Ital. Squadre A1/2"]
[Site "Folgaria"]
[Date "2015.03.28"]
[Round "3.1"]
[White "Santolini, Luigi"]
[Black "Pelagatti, Alessandro"]
[Result "1/2-1/2"]
[WhiteElo "2143"]
[BlackElo "2181"]
[Annotator "Canal-Ippogrifo"]
[PlyCount "56"]
[EventDate "2015.03.??"]

1. d4 Nf6 2. c4 g6 3. Nc3 Bg7 4. e4 d6 5. Nf3 O-O 6. Be2 e5 7. O-O exd4 8. Nxd4
Re8 9. f3 c6 10. Nc2 Na6 11. Be3 Nc7 12. Qd2 d5 13. Rad1 Be6 14. cxd5 cxd5 15.
e5 Nd7 16. f4 f6 17. exf6 Nxf6 18. Bf3 Bf7 19. Qf2 b6 20. Bd4 Qd7 21. Ne3 Rad8
22. Bxf6 Bxf6 23. Ncxd5 Nxd5 24. Nxd5 Bxd5 25. Bxd5+ Kg7 26. Qf3 Qc7 27. b3
Qc5+ 28. Kh1 Re3 1/2-1/2